000 01063cab a2200205 4500
001 ##L131527
008 051114n2005 000 0 eng u
035 _a(Sirsi) u131527
041 0 _aeng
100 1 _aWinter, Jeremy
245 0 0 _aNew JCT contracts form is clearer - and cuts retentions
260 _c2005
490 0 _aConstruction News
_v(6940) 27 October 2005, 31(1)
520 _aExamines the changes in the new suite of JCT conditions of contract. The most important change allows the user to opt either for a third party rights provision or a collateral warranty. Other changes include the deletion of references to nominated sub-contractors, and a reduction in the number of relevant events justifying an extension of time. The wording of the new forms is clearer and more accessible.
590 _aIKA221105
650 2 4 _aJCT STANDARD BUILDING CONTRACT (2005 EDITION)
651 4 _aUnited Kingdom
_y
690 _aBUILT ENVIRONMENT-BUILDING CONTRACT FORMS-STANDARD FORMS OF BUILDING CONTRACT-JOINT CONTRACTS TRIBUNAL CONTRACTS
942 _n0
999 _c76139
_d76139